000
00191 a2200097 4500
020
_a
9992461071
041
_a
spa
100
_a
Ruben Dario
245
_a
30 Cuentos de Ruben Dario
942
_c
BK
999
_c
14559
_d
14559